[Event "Munich FIDE GP (Women)"]
[Site "Munich"]
[Date "2023.02.04"]
[Round "3"]
[White "Abdumalik, Zhansaya"]
[Black "Zhu, Jiner"]
[Result "0-1"]
[WhiteElo "2496"]
[BlackElo "2486"]
[PlyCount "90"]
[EventDate "2023.02.02"]
[EventType "tourn"]
[EventRounds "11"]
[EventCountry "GER"]
[EventCategory "11"]
[SourceTitle "CBM 212 Extra"]
[Source "ChessBase"]
[SourceDate "2023.03.31"]
[SourceVersion "1"]
[SourceVersionDate "2023.03.31"]
[SourceQuality "1"]

1. e4 c5 2. Nf3 e6 3. d4 cxd4 4. Nxd4 Nf6 5. Nc3 Nc6 6. Ndb5 d6 7. Bf4 e5 8. Bg5 a6 9. Na3 b5 10. Nd5 Be7 11. Bxf6 Bxf6 12. c3 Bg5 13. Nc2 Rb8 14. Be2 0-0 15. 0-0 Be6 16. Ndb4 Nxb4 17. Nxb4 Qb6 18. Qd3 Bc4 19. Qd1 Be6 20. Qd3 a5 21. Nd5 Qb7 22. Rad1 b4 23. c4 b3 24. a3 Rfc8 25. Qg3 Bd8 26. Kh1 Rc5 27. Nc3 Qc6 28. f4 Bxc4 29. Bxc4 Rxc4 30. fxe5 dxe5 31. Qxe5 Bc7 32. Qh5 Qe6 33. Rd5 f6 34. Rb5 Rd4 35. Rxb8+ Bxb8 36. Qxa5 Rd2 37. Qh5 Rxb2 38. Rd1 Bd6 39. Nb5 Qxe4 40. Qf7+ Kh8 41. Rg1 Bc5 42. h3 h6 43. Nc3 Qa8 44. Nd5 Bxg1 45. Kxg1 Rxg2+ 0-1

[Event "Wch Blitz (Women)"]
[Site "Almaty"]
[Date "2022.12.30"]
[Round "15"]
[White "Abdumalik, Zhansaya"]
[Black "Buksa, Nataliya"]
[Result "1-0"]
[WhiteElo "2413"]
[BlackElo "2303"]
[PlyCount "38"]
[EventDate "2022.12.29"]
[EventType "swiss (blitz)"]
[EventRounds "17"]
[EventCountry "KAZ"]
[SourceTitle "CBM 211 Extra"]
[Source "ChessBase"]
[SourceDate "2023.01.31"]
[SourceVersion "1"]
[SourceVersionDate "2023.01.31"]
[SourceQuality "1"]

1. e4 c5 2. Nc3 Nc6 3. Nge2 e5 4. Ng3 d6 5. Bc4 Be6 6. d3 g6 7. 0-0 Bg7 8. Nd5 a6 9. a4 h6 10. Bd2 Nge7 11. c3 0-0 12. Kh1 Kh7 13. f4 exf4 14. Bxf4 Bxd5 15. exd5 Ne5 16. Bb3 f5 17. a5 g5 18. Bc1 Qe8 19. c4 Kh8 1-0

[Event "Wch Blitz (Women)"]
[Site "Almaty"]
[Date "2022.12.29"]
[Round "5"]
[White "Nomin Erdene, Davaademberel"]
[Black "Abdumalik, Zhansaya"]
[Result "1-0"]
[WhiteElo "2296"]
[BlackElo "2413"]
[PlyCount "101"]
[EventDate "2022.12.29"]
[EventType "swiss (blitz)"]
[EventRounds "17"]
[EventCountry "KAZ"]
[SourceTitle "CBM 211 Extra"]
[Source "ChessBase"]
[SourceDate "2023.01.31"]
[SourceVersion "1"]
[SourceVersionDate "2023.01.31"]
[SourceQuality "1"]

1. e4 c5 2. Nf3 Nc6 3. d4 cxd4 4. Nxd4 Nf6 5. Nc3 e5 6. Ndb5 d6 7. Bg5 a6 8. Na3 b5 9. Nd5 Be7 10. Bxf6 Bxf6 11. c4 b4 12. Nc2 a5 13. g3 Bg5 14. Bg2 0-0 15. 0-0 Rb8 16. Qd3 g6 17. Rad1 Be6 18. b3 Ra8 19. Nde3 Qb6 20. Kh1 a4 21. f4 exf4 22. gxf4 Be7 23. f5 Bc8 24. f6 Bd8 25. Nd5 Qb7 26. Qd2 Kh8 27. Qh6 Rg8 28. e5 Qd7 29. exd6 axb3 30. axb3 Ra2 31. Nde3 Bb7 32. Rf3 Bxf6 33. Rxf6 Ne5 34. Rf2 Bxg2+ 35. Rxg2 f5 36. Qf4 Re8 37. Qd4 Kg8 38. Nd5 Qxd6 39. Nce3 Rxg2 40. Nxg2 Ng4 41. Ndf4 Qe7 42. h3 Nf6 43. Nd5 Nxd5 44. Qxd5+ Kh8 45. Qd4+ Kg8 46. Qd7 Qe2 47. Re1 Qxe1+ 48. Nxe1 Rxe1+ 49. Kg2 Re4 50. Qd6 h5 51. c5 1-0

[Event "Astana GP (Women)"]
[Site "Astana"]
[Date "2022.09.29"]
[Round "11"]
[White "Abdumalik, Zhansaya"]
[Black "Kashlinskaya, Alina"]
[Result "1-0"]
[WhiteElo "2503"]
[BlackElo "2491"]
[PlyCount "95"]
[EventDate "2022.09.18"]
[EventType "tourn"]
[EventRounds "11"]
[EventCountry "KAZ"]
[EventCategory "10"]
[SourceTitle "CBM 210 Extra"]
[Source "ChessBase"]
[SourceDate "2022.11.30"]
[SourceVersion "1"]
[SourceVersionDate "2022.11.30"]
[SourceQuality "1"]

1. e4 e6 2. d4 d5 3. Nc3 Nf6 4. e5 Nfd7 5. f4 c5 6. Nf3 Nc6 7. Be3 cxd4 8. Nxd4 Qb6 9. Qd2 Qxb2 10. Rb1 Qa3 11. Bb5 Nxd4 12. Bxd4 a6 13. Bxd7+ Bxd7 14. Rb3 Qe7 15. Rxb7 Rc8 16. g3 Rc4 17. Ke2 Qd8 18. Rhb1 Be7 19. Rb8 Bc8 20. Nd1 0-0 21. Ne3 Ra4 22. c3 Qc7 23. Kf3 Bd7 24. R8b7 Qd8 25. R1b6 Bb5 26. h4 h5 27. Ra7 Re8 28. Rbb7 Bf8 29. Bb6 Qc8 30. Rc7 Qb8 31. Bd4 Qd8 32. Qc2 Re7 33. Rxe7 Bxe7 34. f5 Bc6 35. fxe6 fxe6 36. Qg6 Qf8+ 37. Nf5 Qxf5+ 38. Qxf5 exf5 39. Rxe7 Kf8 40. Rc7 Bb5 41. e6 Rxa2 42. Bxg7+ Kg8 43. Kf4 Re2 44. Be5 Kf8 45. Kxf5 Rf2+ 46. Bf4 Ke8 47. Kf6 Kd8 48. e7+ 1-0

[Event "Astana GP (Women)"]
[Site "Astana"]
[Date "2022.09.23"]
[Round "6"]
[White "Shuvalova, Polina"]
[Black "Abdumalik, Zhansaya"]
[Result "0-1"]
[WhiteElo "2510"]
[BlackElo "2503"]
[PlyCount "112"]
[EventDate "2022.09.18"]
[EventType "tourn"]
[EventRounds "11"]
[EventCountry "KAZ"]
[EventCategory "10"]
[SourceTitle "CBM 210 Extra"]
[Source "ChessBase"]
[SourceDate "2022.11.30"]
[SourceVersion "1"]
[SourceVersionDate "2022.11.30"]
[SourceQuality "1"]

1. e4 c5 2. Nf3 Nc6 3. Bb5 e5 4. 0-0 Bd6 5. c3 a6 6. Ba4 b5 7. Bc2 Nge7 8. h3 Bb7 9. d4 cxd4 10. cxd4 Nxd4 11. Nxd4 exd4 12. Qxd4 Qc7 13. Bb3 Bh2+ 14. Kh1 Be5 15. Qd3 0-0 16. f4 Bf6 17. e5 Qc6 18. Rg1 Bh4 19. Be3 Rac8 20. Nd2 Qg6 21. Qxd7 Bc6 22. Qg4 Nf5 23. Nf3 Bg3 24. Bd2 Rcd8 25. Bb4 Rfe8 26. Ng5 h5 27. Bxf7+ Qxf7 28. Nxf7 hxg4 29. Nxd8 Rxd8 30. hxg4 Nd4 31. Rgd1 Kf7 32. e6+ Kxe6 33. f5+ Kf7 34. Kg1 Be5 35. Kf2 g6 36. Bc3 gxf5 37. gxf5 b4 38. Bxb4 Rg8 39. Bc3 Bg3+ 40. Kg1 Ne2+ 41. Kf1 Nxc3 42. bxc3 Rg5 43. Ke2 Be5 44. a4 Rxg2+ 45. Kd3 Rg4 46. Re1 Kf6 47. Rg1 Bg2 48. Rge1 Kxf5 49. Re3 Bf6 50. Re2 Be4+ 51. Ke3 Rg3+ 52. Kf2 Bh4 53. Rea2 Rh3+ 54. Kf1 Kf4 55. c4 Bf6 56. Rf2+ Bf3 0-1

[Event "Astana GP (Women)"]
[Site "Astana"]
[Date "2022.09.22"]
[Round "5"]
[White "Zhu, Jiner"]
[Black "Abdumalik, Zhansaya"]
[Result "1-0"]
[WhiteElo "2464"]
[BlackElo "2503"]
[PlyCount "71"]
[EventDate "2022.09.18"]
[EventType "tourn"]
[EventRounds "11"]
[EventCountry "KAZ"]
[EventCategory "10"]
[SourceTitle "CBM 210 Extra"]
[Source "ChessBase"]
[SourceDate "2022.11.30"]
[SourceVersion "1"]
[SourceVersionDate "2022.11.30"]
[SourceQuality "1"]

1. e4 c5 2. Nf3 Nc6 3. d4 cxd4 4. Nxd4 Nf6 5. Nc3 e5 6. Ndb5 d6 7. Nd5 Nxd5 8. exd5 Nb8 9. a4 a6 10. Na3 Be7 11. Be2 0-0 12. 0-0 f5 13. b4 f4 14. Nc4 Bf5 15. f3 Nd7 16. Bd3 Rc8 17. a5 Qe8 18. Bxf5 Rxf5 19. Qd3 Rh5 20. Bd2 Rh6 21. Be1 Qh5 22. h3 Rg6 23. Nd2 Rf8 24. Kh2 Bh4 25. Ne4 Nf6 26. Nxd6 Qg5 27. Rg1 Bg3+ 28. Kh1 Rd8 29. Ne4 Qh4 30. c4 Nh5 31. c5 Bxe1 32. Raxe1 Ng3+ 33. Nxg3 Rxg3 34. Re2 Re8 35. d6 e4 36. d7 1-0

[Event "Astana GP (Women)"]
[Site "Astana"]
[Date "2022.09.20"]
[Round "3"]
[White "Wagner, Dinara"]
[Black "Abdumalik, Zhansaya"]
[Result "1/2-1/2"]
[WhiteElo "2358"]
[BlackElo "2503"]
[PlyCount "195"]
[EventDate "2022.09.18"]
[EventType "tourn"]
[EventRounds "11"]
[EventCountry "KAZ"]
[EventCategory "10"]
[SourceTitle "CBM 210 Extra"]
[Source "ChessBase"]
[SourceDate "2022.11.30"]
[SourceVersion "1"]
[SourceVersionDate "2022.11.30"]
[SourceQuality "1"]

1. d4 Nf6 2. c4 e6 3. Nf3 d5 4. g3 Bb4+ 5. Bd2 Be7 6. Bg2 0-0 7. 0-0 c6 8. Qc2 Nbd7 9. b3 b6 10. Rd1 a5 11. Bc3 Ne4 12. Ne5 Nxe5 13. Bxe4 Ng6 14. Bg2 f5 15. e3 Ba6 16. Nd2 Nh8 17. f3 Bf6 18. Kh1 Ng6 19. Re1 Ra7 20. Rad1 Rd7 21. Bb2 Ne7 22. f4 dxc4 23. bxc4 c5 24. Nf3 Qc8 25. dxc5 Rxd1 26. Rxd1 Qxc5 27. Ne5 Rc8 28. Nd7 Qxc4 29. Qxc4 Rxc4 30. Bxf6 gxf6 31. Nxf6+ Kg7 32. Nd7 Rc2 33. Nxb6 Rxa2 34. h3 Bb5 35. Rb1 Ba6 36. Nd7 a4 37. Nc5 Bc8 38. Rb8 a3 39. Ra8 Rc2 40. Ra7 Kf6 41. Nd3 a2 42. g4 fxg4 43. hxg4 Rd2 44. g5+ Kg7 45. Rxe7+ Kf8 46. Ra7 Rd1+ 47. Kh2 a1Q 48. Rxa1 Rxa1 49. Be4 Kg7 50. Kg3 Ra3 51. Kf3 h6 52. gxh6+ Kxh6 53. Ne5 Kg7 54. Nc6 Kf6 55. Nd4 Ba6 56. Bc6 Rc3 57. Be4 Bc4 58. Bb7 Ra3 59. Be4 Ra2 60. Bb7 Rb2 61. Bc6 Bf1 62. Kg3 Ra2 63. Bb7 Bd3 64. Bc6 Rb2 65. Kf3 Bg6 66. Kg3 Ra2 67. Kf3 Ra3 68. Bb7 e5 69. fxe5+ Kxe5 70. Nc6+ Kf6 71. Nd4 Ra1 72. Bc6 Ke5 73. Kg3 Rf1 74. Nf3+ Kd6 75. Bb7 Rb1 76. Bc8 Kd5 77. Kf4 Rb8 78. Bf5 Bxf5 79. Kxf5 Rf8+ 80. Kg4 Ke4 81. Ng5+ Kxe3 82. Kg3 Rf6 83. Kg4 Rf1 84. Nh3 Rf3 85. Ng5 Rf4+ 86. Kg3 Ra4 87. Nf3 Ke4 88. Kg4 Ra8 89. Ng5+ Ke5 90. Nf3+ Kf6 91. Kf4 Ra4+ 92. Ke3 Kf5 93. Nd4+ Ke5 94. Nf3+ Kd5 95. Nd2 Ra2 96. Nf3 Ra3+ 97. Kf4 Rxf3+ 98. Kxf3 1/2-1/2

[Event "Olympiad Women-44"]
[Site "Chennai"]
[Date "2022.08.08"]
[Round "10.1"]
[White "Koneru, Humpy"]
[Black "Abdumalik, Zhansaya"]
[Result "1-0"]
[WhiteElo "2586"]
[BlackElo "2495"]
[PlyCount "111"]
[EventDate "2022.07.29"]
[EventType "team-swiss"]
[EventRounds "11"]
[EventCountry "IND"]
[SourceTitle "CBM 210"]
[Source "ChessBase"]
[SourceDate "2022.10.31"]
[SourceVersion "1"]
[SourceVersionDate "2022.10.31"]
[SourceQuality "1"]
[WhiteTeam "India (W)"]
[BlackTeam "Kazakhstan (W)"]
[WhiteTeamCountry "IND"]
[BlackTeamCountry "KAZ"]

1. d4 Nf6 2. c4 e6 3. Nf3 d5 4. Nc3 c6 5. e3 Nbd7 6. Bd3 dxc4 7. Bxc4 b5 8. Bb3 Bb7 9. 0-0 a6 10. e4 b4 11. Na4 Nxe4 12. Re1 Nef6 13. Ng5 Be7 14. Bxe6 0-0 15. Qe2 Nd5 16. Bxd5 Bxg5 17. Bxg5 Qxg5 18. Bf3 Rad8 19. Rad1 Nf6 20. Qe5 Qg6 21. Nc5 Bc8 22. Bxc6 Ng4 23. Qc7 Qc2 24. Qf4 Qxb2 25. d5 Qc2 26. Ne4 Qxa2 27. d6 Be6 28. h3 Nh6 29. Nc5 Qc2 30. Qxb4 Rb8 31. Bb7 Qg6 32. d7 Bxh3 33. Qe4 Qb6 34. Qc6 Qxc6 35. Bxc6 Be6 36. Nxa6 Rbd8 37. Nc5 Ng4 38. Nxe6 fxe6 39. Rxe6 Nf6 40. f3 h5 41. Re7 Rf7 42. Re8+ Rf8 43. Rde1 Rxd7 44. Bxd7 Nxd7 45. Kf2 Rxe8 46. Rxe8+ Kf7 47. Ra8 Nf6 48. Ra5 Kg6 49. Kg3 Kh6 50. Kf4 Nh7 51. Ke5 Kg6 52. Ra6+ Nf6 53. Kf4 h4 54. Rc6 Kh5 55. Rxf6 gxf6 56. Kf5 1-0